Popular Games Quiz - Statistics

General Stats
  • This quiz has been taken 22 times
  • The average score is 4 of 15
Answer Stats
Answer % Correct
Minecraft
89%
Roblox
83%
Fortnite
67%
GTA
44%
Mario
33%
Sonic the Hedgehog
22%
Tetris
17%
Fall Guys
11%
Pac-Man
11%
Brawl Stars
6%
Clash of Clans
6%
Clash Royale
6%
PvZ 2
6%
Kirby
0%
Retro Bowl
0%
No matching quizzes found
Score Distribution
Percent of People with Each Score
Percentile by Number Answered
Your Score History
You have not taken this quiz